Local heroes (Record no. 71234)

MARC details
000 -LEADER
fixed length control field 00777cam a2200205 4500
001 - CONTROL NUMBER
control field ABS65989
008 - FIXED-LENGTH DATA ELEMENTS--GENERAL INFORMATION
fixed length control field 020925n2002 000 0 eng u
035 ## - SYSTEM CONTROL NUMBER
System control number (Sirsi) u119855
100 ## - MAIN ENTRY--PERSONAL NAME
Personal name Baker, C.
245 ## - TITLE STATEMENT
Title Local heroes
260 ## - PUBLICATION, DISTRIBUTION, ETC.
Date of publication, distribution, etc. 2002
490 ## - SERIES STATEMENT
Series statement Housing Today
Volume/sequential designation (295) 1 August 2002, 16-18(3)
520 ## - SUMMARY, ETC.
Summary, etc. Reports on the recent developments concerning government plans for regional development agencies. They have been allotted new powers, larger budgets, and have the support of English Partnerships but it remains to be seen if they will actually deliver the required level of regeneration. Map.
590 ## - LOCAL NOTE (RLIN)
Local note ABS
650 ## - SUBJECT ADDED ENTRY--TOPICAL TERM
Topical term or geographic name entry element REGIONAL DEVELOPMENT AGENCIES
650 ## - SUBJECT ADDED ENTRY--TOPICAL TERM
Topical term or geographic name entry element ENGLISH PARTNERSHIPS
650 ## - SUBJECT ADDED ENTRY--TOPICAL TERM
Topical term or geographic name entry element RDAS
690 ## - LOCAL SUBJECT ADDED ENTRY--TOPICAL TERM (OCLC, RLIN)
Topical term or geographic name as entry element REGENERATION
942 ## - ADDED ENTRY ELEMENTS (KOHA)
Suppress in OPAC 0
Holdings
Withdrawn status Lost status Source of classification or shelving scheme Damaged status Not for loan Home library Current library Shelving location Date acquired Total Checkouts Full call number Barcode Date last seen Copy number Price effective from Koha item type
    Dewey Decimal Classification     London London Journal article 25/09/2002   ABS65989 119855-1001 06/08/2019 1 06/08/2019 Journal article